000 01247nam a22002777a 4500
003 OSt
005 20230123101502.0
007 cr ||||||a|c|a
008 221129s mx dao|fom||| 001 0 spa d
040 _erda
100 1 _9185618
_aMacías Medellín, Mariana
245 1 3 _aLa defensa de la vida a través de la reproducción y cuidado colectivo de las semillas:
_bred de guardianes de semillas de occidente /
_cpor Mariana Macías Medellín; director de tesis Veneranda Xóchitl Juárez Varela
264 1 _aChapingo, México :
_bEl autor,
_c2020.
300 _a1 recurso en línea (193 páginas).
336 _2rdacontent
_atexto
_btxt
337 _2rdamedia
_acomputadora
_bc
338 _2rdacarrier
_arecurso en línea
_bcr
502 _bMCDRR
_cCentros Regionales
_d2020.
_gMAE
504 _aIncluye referencias bibliográficas: páginas-172-182
650 4 _9151622
_aMaíz
_x almacenamiento y conservación
650 4 _9185791
_aMaiz
_xAspectos sociales
_zJalisco
650 4 _971042
_aMaíz
_xPropagación
700 0 _962497
_aJuárez Varela, Veneranda Xóchitl
_eDirecto de tesis
856 _uhttp://10.13.5.2/tesis/tm/2020_CR_Macias_Medellin_Mariana.pdf
_zDESCARGAR PDF
942 _2Clasificación Universidad Autónoma Chapingo
_cTD
999 _c217886
_d217886